Регионална библиотека "Любен Каравелов" - Русе

Последният щурм (Запис номер 173501)

MARC детайли
000 -Лидер
Контролно поле с фиксирана дължина nam a22 a 4500
003 - Код на организацията, давaща контролен номер
Контролно поле BLK
005 - Дата и час на последна редакция
Контролно поле 20220502145150.0
008 - Елементи от данни с фиксирана дължина
fixed length control field 180411b bul|||||r ||||||| ||bul||
010 ## - Наследен системен номер
LC control number KNG00181911000
040 ## - Източник на каталожния запис
Идентификатор на билиотеката - собственик на записа BLK
041 ## - Код за език
Код за езика на текст/звукозапис или на отделно заглавие Български
Код за езика КДБФ Български
080 ## - УДК
Текстов определител УДК Българска литература
УДК код - определител по УДК 821.163.2
УДК определител -31
УДК - код + определител 821.163.2-31
100 1# - Редна дума - Автор
Автор Славински, Петър
Авторска отговорност първи автор
Автор - информация (биография) Чолаков, Петър Атанасов
R(LIN) 382072
139 ## - Редно поле
Редна дума Славински, Петър
Авторски знак Слави - С 43
245 10 - Сведения за заглавието
Заглавие Последният щурм
Подзаглавни данни Роман
Редно поле (дума) Петър Славински; * Петър Атанасов Чолаков.
250 ## - Област на изданието
Сведения за изданието 4. прераб. изд.
257 ## - Страна на издаване
Страна на създаване/издаване България
260 ## - Област на издателските данни
Място на издаване, разпространение и проч. София
Име на издателя, разпространителя и проч. Държ. изд.
Година на издаване 1964
300 ## - Физическа характеристика
Страници 544 с.
Размери/Мащаб 25 см
380 ## - Жанр
Жанр Худож. лит.
500 ## - Общи забележки
Забележка Петър Славински е псевдоним на Петър Атанасов Чолаков. - Кн. е от поредицата Краят на господарите. - Кн. е получила Димитровска награда за 1952 г.
700 1# - Други автори (авторска отговорност)
Лично име Чолаков, Петър Атанасов
Автороска отговорност (Описва отношението между автора и произведението) *
9 (RLIN) 327431
852 ## - Местоположение
Форматна сигнатура Цб 32132
Фондова буква Хранилище
856 4# - Електронен адрес и достъп
Електронен формат pdf - файл
856 4# - Електронен адрес и достъп
Електронен формат pdf - файл
999 ## - СИСТЕМНИ КОНТРОЛНИ НОМЕРА
Koha biblionumber 173501
Koha biblioitemnumber 173501
942 ## - АРТИКУЛИ
Вид на библиотечния материал Книги
Скрит в OPAC Не
Периодичен библиозапис Да
944 ## - СЪЗДАВАНЕ И РЕДАКЦИЯ на ЗАПИСА
Създаване/Редакция Създаване
Дата на регистрацията/редакция 31.07.2013
Служител, извършил регистрацията/редакцията Теодора_Стоянова
944 ## - СЪЗДАВАНЕ И РЕДАКЦИЯ на ЗАПИСА
Създаване/Редакция Редакция
Дата на регистрацията/редакция 16.09.2015
Служител, извършил регистрацията/редакцията Теодора_Стоянова
Наличности
Код за отписване Код за изгубен артикул Източник на класификационната схема Код за повреда Коз за рестрикции Код за отдаване Артикулен № Име на библиотеката - собственик Име на библиотеката, в която се намира в момента Статус (Текущо местоположение) Дата на вписване в системата Местоположение - отдел Цена в лева Инвентарен номер Систематично азбучна сигнатура Баркод Номер на екземпляра Цена в евро Служебна бележка Служебен тип на артикула
Изтеглен Не е изгубен Universal Decimal Classification Не е повреден без рестрикции заемане за дома 296667 Регионална библиотека "Любен Каравелов" Русе Регионална библиотека "Любен Каравелов" Русе Заемна - подръчен фонд 1969-01-01 Заемна - подръчен фонд 0.00 1239/65 П 886.7-31/С 43 1239/65 1 0.00 Дост: Pk Вид: Сф Дата: 01.01.1969 Книги
Изтеглен Не е изгубен Universal Decimal Classification Не е повреден без рестрикции заемане за дома 296668 Регионална библиотека "Любен Каравелов" Русе Регионална библиотека "Любен Каравелов" Русе Заемна - подръчен фонд 1969-01-01 Заемна - подръчен фонд 0.00 1237/65 П 886.7-31/С 43 1237/65 2 0.00 Дост: Pk Вид: Сф Дата: 01.01.1969 Книги
Изтеглен Не е изгубен Universal Decimal Classification Не е повреден без рестрикции заемане за дома 296669 Регионална библиотека "Любен Каравелов" Русе Регионална библиотека "Любен Каравелов" Русе Заемна - подръчен фонд 1969-01-01 Заемна - подръчен фонд 0.00 1236/65 П 886.7-31/С 43 1236/65 3 0.00 Дост: Pk Вид: Сф Дата: 01.01.1969 Книги
  Не е изгубен Universal Decimal Classification Не е повреден само за читалня ползва се в читалня 296670 Регионална библиотека "Любен Каравелов" Русе Регионална библиотека "Любен Каравелов" Русе Хранилище 1964-01-01 Хранилище 1.67 4449/65 Цб 32132 900000094882 4 0.85 Дост: Dp Вид: Сф Дата: 01.01.1964 Книги
Vip Innovations Ltd, Rousse, Bulgaria 2025